Представление документа в формате MARC21

ПолеНазваниеЗначение
  Тип записи a
  Библиографический уровень m
001 Контрольный номер RU/URAIT/587287
005 Дата корректировки 20260429163617.8
008 Кодируемые данные 260429s2026 RU y f j 000 0 rus u
020 Индекс ISBN __
a ISBN 978-5-534-14384-3
c Цена, тираж 1739.00
040 Источник каталогиз. __
a Служба первич. каталог. ИКО Юрайт
c Служба, преобразующая запись ИКО Юрайт
e Правила каталог. RCR
041 Код языка издания __
a Код языка текста rus
044 Код страны публикации __
a Код страны публикации RU
080 Индекс УДК __
a Индекс УДК 81373:001.4(075.8)
084 Индекс другой классификации/Индекс ББК __
2 Источник индекса rubbk
a Индекс другой классификации/Индекс ББК 81.053я73
100 Автор __
a Автор Салмина Д. В.
q Полное имя Салмина Диана Валентиновна
245 Заглавие __
a Заглавие Проблемы современного терминоведения. Лингвистические термины за пределами специального текста
b Продолж. заглавия учебник для вузов
c Ответственность Д. В. Салмина, И. С. Куликова.
256 Характеристики компьютерного файла __
a Характеристики компьютерного файла Электрон. дан.
260 Выходные данные __
a Место издания Москва
b Издательство Юрайт
c Дата издания 2026
300 Физическое описание __
a Объем 325 с
440 Серия __
a Серия Высшее образование
500 Примечания __
a Примечание URL: https://urait.ru/bcode/587287 (дата обращения: 29.04.2026).
520 Аннотация __
a Аннотация Предлагаемое учебное пособие посвящено актуальной как для современного терминоведения проблеме жизни специального термина за пределами собственно научного дискурса, так и для изучения активных процессов, протекающих в сфере современной полидискурсной коммуникации. Предметом исследования является лингвистическая терминология, в основном известная по школьному курсу. Описание 45 таких грамматических, лексических, орфографических и др. терминов-«мигрантов» выполнено на обширном материале, извлеченном из Национального корпуса русского языка (более 30 000 вхождений терминов). Тщательное рассмотрение контекстов-метарефлексивов помогло выявить не только количественное различие миграционных тенденций терминов, но и описать разные по степени глубины процессы их детерминологизации. Соответствует актуальным требованиям федерального государственного образовательного стандарта высшего образования. Учебное пособие адресовано не только терминоведам, но и специалистам в области лексикологии, лексикографии, стилистики, речевой коммуникации, а также учителям средней школы как возможное пособие для элективного курса русского языка.
538 Прим. о системных особенностях __
a Прим. о системных особенностях Режим доступа: Электронно-библиотечная система Юрайт, для авториз. пользователей
653 Ключевые слова __
a Ключевые слова Общее языкознание
653 Ключевые слова __
a Ключевые слова Языки и литература
653 Ключевые слова __
a Ключевые слова Терминоведение
653 Ключевые слова __
a Ключевые слова Лексикология и терминоведение
653 Ключевые слова __
a Ключевые слова Терминология и перевод
653 Ключевые слова __
a Ключевые слова Лингвистическая терминология в когнитивном аспекте
653 Ключевые слова __
a Ключевые слова Проблемы терминологии и терминологизации в русском языке
653 Ключевые слова __
a Ключевые слова Введение в терминоведение
653 Ключевые слова __
a Ключевые слова Введение в лингвистическую терминологию
653 Ключевые слова __
a Ключевые слова Лингвистическая терминология
653 Ключевые слова __
a Ключевые слова Общая и специальная лексикография и проблемы терминоведения
653 Ключевые слова __
a Ключевые слова Актуальные проблемы терминоведения и терминологии
653 Ключевые слова __
a Ключевые слова Проблемы современного терминоведения
653 Ключевые слова __
a Ключевые слова Лингвистические основы терминоведения
653 Ключевые слова __
a Ключевые слова Философские и методологические проблемы лингвистики
653 Ключевые слова __
a Ключевые слова Лингвистическая терминология: система и функционирование
653 Ключевые слова __
a Ключевые слова Профессиональное терминоведение
653 Ключевые слова __
a Ключевые слова Терминология и терминологизация в современном русском языке
700 Другие авторы __
a Другие авторы Куликова И. С.
q Полное имя Куликова Ирина Степановна
856 Электронный адрес документа 40
n Местонахождение сервера Юрайт
g Электронная книга
q Тип электронного формата html
h Имя пользователя ЮРАЙТ
v Часы доступа к ресурсу 20271231
2 Способ доступа Показать документ
x Служебное примечание https://urait.ru/book/cover/42054DA0-E757-4AE1-9F69-24E21CF49F83
u URL https://urait.ru/bcode/587287
856 Электронный адрес документа 48
q Тип электронного формата cover
u URL https://urait.ru/book/cover/42054DA0-E757-4AE1-9F69-24E21CF49F83
911 __
u 0030=https://urait.ru/bcode/587287
911 __
u 073a=9785534143843
u 073d=1739.00
911 __
u 106a=s
911 __
u 900l=
952 Тип литературы __
i Дисциплина Терминоведение
952 Тип литературы __
i Дисциплина Лексикология и терминоведение
952 Тип литературы __
i Дисциплина Терминология и перевод
952 Тип литературы __
i Дисциплина Лингвистическая терминология в когнитивном аспекте
952 Тип литературы __
i Дисциплина Проблемы терминологии и терминологизации в русском языке
952 Тип литературы __
i Дисциплина Введение в терминоведение
952 Тип литературы __
i Дисциплина Введение в лингвистическую терминологию
952 Тип литературы __
i Дисциплина Лингвистическая терминология
952 Тип литературы __
i Дисциплина Общая и специальная лексикография и проблемы терминоведения
952 Тип литературы __
i Дисциплина Актуальные проблемы терминоведения и терминологии
952 Тип литературы __
i Дисциплина Проблемы современного терминоведения
952 Тип литературы __
i Дисциплина Лингвистические основы терминоведения
952 Тип литературы __
i Дисциплина Философские и методологические проблемы лингвистики
952 Тип литературы __
i Дисциплина Лингвистическая терминология: система и функционирование
952 Тип литературы __
i Дисциплина Профессиональное терминоведение
952 Тип литературы __
i Дисциплина Терминология и терминологизация в современном русском языке